[Event "Mittelfranken-chTB1 1314"]
[Site "Mittelfranken"]
[Date "2013.10.20"]
[Round "1.7"]
[White "Goetz, Martin"]
[Black "Ross, Sandra"]
[Result "1/2-1/2"]
[WhiteElo "1793"]
[BlackElo "1737"]
[PlyCount "40"]
[EventDate "2013.10.20"]
[EventType "team-tourn"]
[EventRounds "9"]
[EventCountry "GER"]
[SourceTitle "EXT 2020"]
[Source "ChessBase"]
[SourceDate "2019.10.17"]
[SourceVersion "1"]
[SourceVersionDate "2019.10.17"]
[SourceQuality "1"]
[WhiteTeam "Buechenbach/Roth"]
[BlackTeam "Buechenbach/Roth II"]
[WhiteTeamCountry "GER"]
[BlackTeamCountry "GER"]

1. c4 e5 2. Nc3 Nc6 3. g3 g6 4. Bg2 Bg7 5. Nf3 d6 6. 0-0 Be6 7. d3 h6 8. Rb1 Nge7 9. b4 d5 10. cxd5 Nxd5 11. Nxd5 Bxd5 12. Qa4 0-0 13. Bb2 e4 14. dxe4 Bxe4 15. Rbd1 Qe7 16. Bxg7 Kxg7 17. b5 Nd8 18. Rd4 Bf5 19. Nh4 Be6 20. Qa5 Qc5 1/2-1/2

[Event "Mittelfranken-chTB2a 1112"]
[Site "Germany"]
[Date "2011.11.20"]
[Round "3.1"]
[White "Konsek, Peter"]
[Black "Goetz, Martin"]
[Result "1/2-1/2"]
[WhiteElo "1916"]
[BlackElo "1891"]
[PlyCount "34"]
[EventDate "2011.09.25"]
[EventType "team-tourn"]
[EventRounds "9"]
[EventCountry "GER"]
[SourceTitle "EXT 2013"]
[Source "ChessBase"]
[SourceDate "2012.11.22"]
[SourceVersion "1"]
[SourceVersionDate "2012.11.22"]
[SourceQuality "1"]
[WhiteTeam "Nuernberg Sued SW III"]
[BlackTeam "Buechenbach/Roth III"]
[WhiteTeamCountry "GER"]
[BlackTeamCountry "GER"]

1. e4 c5 2. Nc3 Nc6 3. g3 g6 4. Bg2 Bg7 5. d3 d6 6. Be3 Nf6 7. h3 a6 8. Qd2 h6 9. f4 e5 10. Nge2 b5 11. 0-0 b4 12. Nd5 Nxd5 13. exd5 Nd4 14. Bxd4 exd4 15. a3 Rb8 16. axb4 Rxb4 17. Nc1 0-0 1/2-1/2

[Event "Mittelfranken-chTB2a 1112"]
[Site "Germany"]
[Date "2011.09.25"]
[Round "1.1"]
[White "Goetz, Martin"]
[Black "Koschka, Robert"]
[Result "1/2-1/2"]
[WhiteElo "1891"]
[BlackElo "1837"]
[PlyCount "127"]
[EventDate "2011.09.25"]
[EventType "team-tourn"]
[EventRounds "9"]
[EventCountry "GER"]
[SourceTitle "EXT 2013"]
[Source "ChessBase"]
[SourceDate "2012.11.22"]
[SourceVersion "1"]
[SourceVersionDate "2012.11.22"]
[SourceQuality "1"]
[WhiteTeam "Buechenbach/Roth III"]
[BlackTeam "Fuerth II"]
[WhiteTeamCountry "GER"]
[BlackTeamCountry "GER"]

1. c4 Nf6 2. Nc3 e5 3. g3 d5 4. cxd5 Nxd5 5. Bg2 c6 6. d4 Bb4 7. Bd2 exd4 8. Nxd5 Bxd2+ 9. Qxd2 cxd5 10. Nf3 Nc6 11. 0-0 Qf6 12. Rfd1 Be6 13. Nxd4 0-0 14. Rac1 Ne5 15. b3 a6 16. Rc7 Rab8 17. f4 Ng6 18. Qb4 b5 19. Rc6 Qe7 20. Qxe7 Nxe7 21. Nxe6 Nxc6 22. Nxf8 Kxf8 23. Rxd5 Nb4 24. Rd2 a5 25. a3 Na6 26. Rc2 Rb6 27. Rc6 Rxc6 28. Bxc6 Nc7 29. Kf2 Ke7 30. Ke3 Kd6 31. Be4 h6 32. Kd4 Ne6+ 33. Kc3 Nc5 34. Bd3 Kc6 35. b4 axb4+ 36. Kxb4 Na6+ 37. Ka5 Nc7 38. e4 Kc5 39. e5 Kc6 40. Be2 Kc5 41. h3 Kc6 42. Bh5 g6 43. Bd1 h5 44. Bb3 Ne6 45. Kb4 h4 46. gxh4 Nxf4 47. Bxf7 Nd3+ 48. Kc3 Nxe5 49. Be8+ Kc5 50. h5 gxh5 51. Bxh5 Nc6 52. Kb2 Ne5 53. Be8 Nc4+ 54. Ka2 Nxa3 55. Kxa3 Kd6 56. Kb4 Ke7 57. Bxb5 Kf6 58. Kc5 Kg7 59. Kd6 Kf7 60. Bc4+ Kf6 61. Kd7 Kg7 62. Ke7 Kh7 63. Kf8 Kh8 64. Bg8 1/2-1/2

[Event "GER-ch Net qual1 U25"]
[Site "Playchess.com INT"]
[Date "2011.05.01"]
[Round "2"]
[White "Kessler, Marcel"]
[Black "Goetz, Martin"]
[Result "0-1"]
[WhiteElo "1674"]
[BlackElo "2082"]
[PlyCount "146"]
[EventDate "2011.05.01"]
[EventType "swiss (blitz)"]
[EventRounds "7"]
[EventCountry "GER"]
[SourceTitle "CBM 142 Extra"]
[Source "ChessBase"]
[SourceDate "2011.06.27"]
[SourceVersion "1"]
[SourceVersionDate "2011.06.27"]
[SourceQuality "1"]

1. d4 d5 2. Nf3 Nf6 3. e3 e6 4. Bd3 c5 5. c3 Nc6 6. Nbd2 g6 7. 0-0 cxd4 8. exd4 Bg7 9. Qe2 0-0 10. Ne5 Nxe5 11. dxe5 Nd7 12. f4 b6 13. Nf3 Bb7 14. Kh1 Nc5 15. Bc2 Rc8 16. Nd4 Qe7 17. Be3 Rfd8 18. Rfe1 Ba6 19. Qd2 Ne4 20. Bxe4 dxe4 21. Qf2 Bd3 22. Red1 h5 23. Rac1 Qd7 24. a3 Qb7 25. Rd2 Rd7 26. Rcd1 Rcd8 27. Kg1 b5 28. Kh1 a5 29. Kg1 b4 30. cxb4 axb4 31. axb4 Qxb4 32. Kh1 Rc8 33. Ne2 Rdc7 34. Nc3 Qb3 35. Kg1 Bf8 36. Bd4 Bb4 37. Kh1 Rc4 38. h3 Rd8 39. Bb6 Rb8 40. Bd4 Rbc8 41. Kh2 Ba5 42. Kh1 Qb4 43. Be3 Qb7 44. Bd4 Rd8 45. Be3 Bxc3 46. bxc3 Rxc3 47. Kh2 Rdc8 48. Kh1 Qb3 49. Kh2 Qb7 50. Kh1 Qe7 51. Kh2 Qa3 52. Kh1 Kh7 53. Kh2 Bc2 54. Re1 Ba4 55. Rde2 Bb5 56. Rd2 Rd3 57. Kh1 Rcc3 58. Rxd3 exd3 59. Rd1 Qb3 60. Rd2 Bc6 61. Kh2 Be4 62. Kh1 Rc2 63. Kh2 Bf5 64. Kh1 Be4 65. Kh2 Qb1 66. Kg3 Kg7 67. Kh2 Rc1 68. Kg3 Rf1 69. Rb2 Rxf2 70. Rxb1 Rxg2+ 71. Kh4 Re2 72. Bc5 d2 73. Rd1 Bc2 0-1

[Event "GER-ch Net final U18"]
[Site "Playchess.com INT"]
[Date "2009.06.21"]
[Round "7"]
[White "Goetz, Martin"]
[Black "Trapp, Maximilian"]
[Result "1-0"]
[WhiteElo "2080"]
[BlackElo "2060"]
[PlyCount "93"]
[EventDate "2009.06.21"]
[EventType "swiss (blitz)"]
[EventRounds "9"]
[EventCountry "GER"]
[SourceTitle "CBM 130 Extra"]
[Source "ChessBase"]
[SourceDate "2009.07.02"]
[SourceVersion "2"]
[SourceVersionDate "2009.07.15"]
[SourceQuality "1"]

1. d4 d5 2. c4 e5 3. e3 exd4 4. exd4 Nf6 5. Nf3 Bb4+ 6. Bd2 Bxd2+ 7. Nbxd2 0-0 8. Be2 dxc4 9. Nxc4 c6 10. 0-0 Be6 11. Nce5 Nbd7 12. b3 Nd5 13. Rc1 Nxe5 14. dxe5 Qa5 15. Qd2 Qb6 16. Bc4 Rad8 17. Bxd5 Rxd5 18. Qf4 Rfd8 19. h3 h6 20. Rfe1 Qa6 21. Ra1 Qa3 22. Qc1 Qb4 23. a3 Qb6 24. b4 Rd3 25. Qf4 Qa6 26. a4 Qb6 27. Rab1 Ra3 28. a5 Qb5 29. Nd4 Qd5 30. Nxe6 Qxe6 31. Rbd1 Rad3 32. Rxd3 Rxd3 33. Re3 Rd1+ 34. Kh2 a6 35. Qe4 Rd5 36. f4 Qd7 37. f5 Rd4 38. Qf3 Qe7 39. Qg3 Rxb4 40. e6 Rd4 41. f6 Qxf6 42. e7 Rd8 43. e8Q+ Rxe8 44. Rxe8+ Kh7 45. Qd3+ g6 46. Qg3 Qf5 47. Qe5 1-0

[Event "GER-ch Net final U18"]
[Site "Playchess.com INT"]
[Date "2009.06.21"]
[Round "1"]
[White "Reichel, Jonathan"]
[Black "Goetz, Martin"]
[Result "1/2-1/2"]
[WhiteElo "1955"]
[BlackElo "2080"]
[PlyCount "75"]
[EventDate "2009.06.21"]
[EventType "swiss (blitz)"]
[EventRounds "9"]
[EventCountry "GER"]
[SourceTitle "CBM 130 Extra"]
[Source "ChessBase"]
[SourceDate "2009.07.02"]
[SourceVersion "2"]
[SourceVersionDate "2009.07.15"]
[SourceQuality "1"]

1. e4 e6 2. Qe2 Be7 3. Nf3 d5 4. exd5 exd5 5. g3 Nf6 6. Bg2 0-0 7. 0-0 c6 8. d3 Bg4 9. Re1 Bd6 10. Be3 Nbd7 11. Qd2 Qc7 12. Nc3 Rfe8 13. Ne2 Nc5 14. Bf4 Ne6 15. Bxd6 Qxd6 16. c3 Nc5 17. Ned4 Ne6 18. Nxe6 Rxe6 19. Nd4 Ree8 20. Rxe8+ Rxe8 21. Re1 Rxe1+ 22. Qxe1 a6 23. Qe3 Bd7 24. Qg5 h6 25. Nf5 hxg5 26. Nxd6 b6 27. c4 Kf8 28. b4 Be6 29. c5 bxc5 30. bxc5 Ke7 31. d4 Nd7 32. Bf1 Nb8 33. Bd3 g6 34. Kf1 Kf6 35. Ne8+ Ke7 36. Nd6 Kf6 37. Ne8+ Ke7 38. Nd6 1/2-1/2

[Event "GER-ch Net final U18"]
[Site "Playchess.com INT"]
[Date "2008.06.15"]
[Round "4"]
[White "Goetz, Martin"]
[Black "Farmani Anosheh, Armin"]
[Result "0-1"]
[WhiteElo "2080"]
[BlackElo "2129"]
[PlyCount "192"]
[EventDate "2008.06.15"]
[EventType "swiss (blitz)"]
[EventRounds "9"]
[EventCountry "GER"]
[SourceTitle "CBM 124 Extra"]
[Source "ChessBase"]
[SourceDate "2008.07.03"]
[SourceVersion "1"]
[SourceVersionDate "2008.07.03"]
[SourceQuality "1"]

1. d4 Nf6 2. c4 e6 3. Nc3 Bb4 4. Qc2 c5 5. e3 cxd4 6. exd4 Nc6 7. Nf3 d5 8. Bd2 0-0 9. Be2 dxc4 10. Bxc4 Nxd4 11. 0-0 Nxf3+ 12. gxf3 e5 13. Bg5 h6 14. Bh4 Bxc3 15. Qxc3 Re8 16. Rae1 Bh3 17. Qb3 Qc7 18. Rc1 Bxf1 19. Rxf1 Nh5 20. h3 Nf4 21. Kh2 Rac8 22. Bd5 b6 23. Rg1 g5 24. Be4 Kf8 25. Bg3 Ne2 26. Bf5 Nxg1 27. Bxc8 Nxf3+ 28. Qxf3 Qxc8 29. Qf6 Qe6 30. Qf3 e4 31. Qa3+ Kg8 32. Qxa7 e3 33. fxe3 Qxe3 34. Qa6 Qd2+ 35. Kg1 Qd1+ 36. Kf2 Qd4+ 37. Kf1 Qxb2 38. Qc4 b5 39. Qc6 Qe2+ 40. Kg1 Re3 41. Bf2 Re8 42. a3 Qe4 43. Qd7 Ra8 44. Bc5 Qe1+ 45. Kg2 Qe2+ 46. Kg1 Qf3 47. Qxb5 Qg3+ 48. Kh1 Qxh3+ 49. Kg1 Rd8 50. Qe2 Qg3+ 51. Kh1 g4 52. Bb4 Qf3+ 53. Qxf3 gxf3 54. Kg1 Rd3 55. Kf2 Kg7 56. a4 Rb3 57. Bc5 Kf6 58. a5 Ke6 59. a6 Rb8 60. a7 Ra8 61. Kxf3 Kd5 62. Bg1 Kc6 63. Kf4 Kb7 64. Kg4 Rg8+ 65. Kh5 Rg6 66. Be3 Ra6 67. Bf2 f5 68. Be3 Rxa7 69. Bxh6 Ra5 70. Kg5 Rb5 71. Kf4 Kc6 72. Bg7 Kd7 73. Be5 Ke6 74. Bc3 Rc5 75. Be1 Rc4+ 76. Ke3 Kd5 77. Ba5 f4+ 78. Kf3 Ke5 79. Bc7+ Kf5 80. Ba5 Ra4 81. Bc7 Ra3+ 82. Ke2 Ke4 83. Bd6 f3+ 84. Kf2 Ra2+ 85. Kg3 f2 86. Kg2 Kd5 87. Bc7 Rc2 88. Bg3 f1Q+ 89. Kxf1 Ke4 90. Bh4 Ke3 91. Bg5+ Kf3 92. Ke1 Rg2 93. Be7 Re2+ 94. Kd1 Rxe7 95. Kd2 Re6 96. Kd3 Rd6+ 0-1

[Event "GER-ch Net final U18"]
[Site "Playchess.com INT"]
[Date "2008.06.15"]
[Round "2"]
[White "Goetz, Martin"]
[Black "Tkachuk, Konstantyn"]
[Result "0-1"]
[WhiteElo "2080"]
[BlackElo "2145"]
[PlyCount "76"]
[EventDate "2008.06.15"]
[EventType "swiss (blitz)"]
[EventRounds "9"]
[EventCountry "GER"]
[SourceTitle "CBM 124 Extra"]
[Source "ChessBase"]
[SourceDate "2008.07.03"]
[SourceVersion "1"]
[SourceVersionDate "2008.07.03"]
[SourceQuality "1"]

1. d4 Nf6 2. c4 g6 3. Nc3 Bg7 4. Nf3 0-0 5. g3 d6 6. Bg2 c6 7. 0-0 Nbd7 8. a3 a5 9. Rb1 e5 10. b4 axb4 11. axb4 exd4 12. Nxd4 Ne5 13. c5 d5 14. Bf4 Re8 15. Nf3 Nc4 16. Nd2 Nh5 17. Nxc4 Nxf4 18. Nd6 Re7 19. gxf4 Bxc3 20. Rb3 Bg7 21. e3 b5 22. Qd3 f5 23. Bxd5+ cxd5 24. Nxc8 Rxc8 25. Qxb5 g5 26. Qd3 gxf4 27. exf4 Re4 28. Rd1 Rd4 29. Qe2 Rxd1+ 30. Qxd1 d4 31. Rg3 Qd5 32. h3 Rb8 33. Qh5 d3 34. Qd1 d2 35. Re3 Ra8 36. Rg3 Kh8 37. Kh2 Ra1 38. Qh5 Rh1# 0-1

[Event "Regionalliga NO 9798"]
[Site "Bayern"]
[Date "1998.??.??"]
[Round "?.5"]
[White "Goetz, Martin"]
[Black "Roesl, Gerhard Jr"]
[Result "1/2-1/2"]
[WhiteElo "1776"]
[BlackElo "1905"]
[PlyCount "100"]
[EventDate "1997.10.??"]
[EventType "team-tourn"]
[EventRounds "9"]
[EventCountry "GER"]
[SourceTitle "EXT 2020"]
[Source "ChessBase"]
[SourceDate "2019.10.17"]
[SourceVersion "1"]
[SourceVersionDate "2019.10.17"]
[SourceQuality "1"]
[WhiteTeam "Schwanstetten"]
[BlackTeam "Altensittenbach"]
[WhiteTeamCountry "GER"]
[BlackTeamCountry "GER"]

1. c4 c5 2. Nc3 Nc6 3. Nf3 Nf6 4. g3 g6 5. Bg2 Bg7 6. 0-0 0-0 7. d3 d6 8. Bg5 Re8 9. Qc1 Rb8 10. a3 Bg4 11. Re1 Qd7 12. Bh6 a6 13. Bxg7 Kxg7 14. Ng5 h6 15. Nge4 Nxe4 16. Nxe4 Nd4 17. f3 Be6 18. b4 b6 19. a4 f6 20. Qb2 Bf7 21. b5 axb5 22. axb5 d5 23. Nd2 Nf5 24. e4 dxe4 25. fxe4 Qd4+ 26. Qxd4 Nxd4 27. Ra7 e5 28. Rea1 Kf8 29. Nf1 Red8 30. Ne3 Re8 31. Rd7 Re7 32. Bh3 Nf3+ 33. Kf2 Ng5 34. Rxe7 Nxh3+ 35. Kg2 Kxe7 36. Ra7+ Ke8 37. Kxh3 Be6+ 38. Kg2 Rd8 39. Nd5 Bxd5 40. exd5 Rd7 41. Ra8+ Kf7 42. Rb8 Rd6 43. Rb7+ Kf8 44. Rc7 f5 45. Kf3 g5 46. Rc6 Ke7 47. g4 f4 48. Ke4 Rxc6 49. bxc6 Kd6 50. h3 Kc7 1/2-1/2

[Event "NR-ch"]
[Site "Germany"]
[Date "1997.??.??"]
[Round "5"]
[White "Brueggemann, Joachim"]
[Black "Goetz, Martin"]
[Result "1/2-1/2"]
[WhiteElo "2285"]
[BlackElo "2100"]
[PlyCount "109"]
[EventDate "1997.??.??"]
[EventType "swiss"]
[EventRounds "9"]
[EventCountry "GER"]
[SourceTitle "EXT 2001"]
[Source "ChessBase"]
[SourceDate "2000.11.22"]
[SourceVersion "1"]
[SourceVersionDate "2000.11.22"]
[SourceQuality "1"]

1. e4 c5 2. Nf3 Nc6 3. Bb5 g6 4. 0-0 Bg7 5. Re1 Qb6 6. Na3 a6 7. Bf1 d6 8. c3 Bg4 9. h3 Bxf3 10. Qxf3 Nf6 11. d3 0-0 12. Rb1 Nd7 13. Nc4 Qc7 14. Ne3 b5 15. Bd2 Rab8 16. Qd1 Qa7 17. Nc2 e6 18. Be3 b4 19. Qd2 bxc3 20. bxc3 Rxb1 21. Rxb1 Rb8 22. Na3 Rxb1 23. Nxb1 Qb7 24. Na3 d5 25. exd5 exd5 26. Qc2 Qb6 27. Qb3 Qxb3 28. axb3 d4 29. cxd4 cxd4 30. Bd2 Bf8 31. Nc2 Nc5 32. b4 Nb3 33. Be1 Nc1 34. f4 Na2 35. Bf2 Naxb4 36. Nxd4 Nxd4 37. Bxd4 a5 38. Bc3 Bc5+ 39. d4 Bb6 40. Bxb4 Bxd4+ 41. Kh2 axb4 42. Bc4 Kf8 43. Kg3 Ke7 44. Kf3 f6 45. Ke4 Bc3 46. g4 Kd6 47. h4 Be1 48. h5 f5+ 49. gxf5 gxh5 50. Kf3 Bh4 51. Kg2 Bf6 52. Bg8 h6 53. Bf7 h4 54. Bg8 Kc5 55. Kh1 1/2-1/2

[Event "Regionalliga NO 9697"]
[Site "Bayern"]
[Date "1997.??.??"]
[Round "?"]
[White "Goetz, Martin"]
[Black "Muehlbauer, Wolfgang"]
[Result "0-1"]
[WhiteElo "2085"]
[BlackElo "1955"]
[PlyCount "80"]
[EventDate "1996.10.??"]
[EventType "team-tourn"]
[EventRounds "9"]
[EventCountry "GER"]
[SourceTitle "EXT 1999"]
[Source "ChessBase"]
[SourceDate "1998.11.16"]
[SourceVersion "1"]
[SourceVersionDate "1998.11.16"]
[SourceQuality "1"]
[WhiteTeam "Schwanstetten"]
[BlackTeam "Koetzting"]
[WhiteTeamCountry "GER"]
[BlackTeamCountry "GER"]

1. c4 Nf6 2. Nc3 c5 3. Nf3 Nc6 4. g3 g6 5. Bg2 Bg7 6. 0-0 0-0 7. d3 d6 8. a3 h6 9. Rb1 Nh5 10. Bd2 a5 11. Nb5 f5 12. e3 e5 13. Ne1 Be6 14. Nc3 Qe8 15. Nd5 Qf7 16. Nc2 Kh7 17. b4 axb4 18. axb4 e4 19. dxe4 fxe4 20. Bxe4 Nf6 21. Nxf6+ Bxf6 22. Bd5 Bxd5 23. cxd5 Qxd5 24. bxc5 Ne5 25. e4 Qxd2 26. Rxb7+ Kg8 27. Qb1 dxc5 28. Rd1 Qe2 29. Ne3 Nf3+ 30. Kg2 Ra1 31. Qb6 Rxd1 32. Qe6+ Kh8 33. Nxd1 Qxd1 34. Rd7 Ne1+ 35. Kf1 Bd4 36. Rf7 Qd3+ 37. Kg1 Rxf7 38. Qxf7 Qxe4 39. Kf1 Qd3+ 40. Kg1 Qe4 0-1